|
|
|
|
| LEADER |
00000nam0a2200000 4500 |
| 001 |
305289 |
| 005 |
20231102001803.0 |
| 020 |
|
|
|a RU
|b 83-22436ж
|
| 035 |
|
|
|a (RuTPU)RU\TPU\book\330557
|
| 090 |
|
|
|a 305289
|
| 100 |
|
|
|a 20150925c1983 k y0rusy5003 ca
|
| 101 |
0 |
|
|a rus
|
| 102 |
|
|
|a UA
|
| 105 |
|
|
|a a z 001zy
|
| 200 |
0 |
|
|a Вып. 26
|f под ред. А. В. Погорелова
|
| 210 |
|
|
|d 1983
|
| 215 |
|
|
|a 145 с.
|c ил.
|
| 320 |
|
|
|a Библиография в конце статей
|
| 606 |
1 |
|
|a Геометрия
|2 stltpush
|3 (RuTPU)RU\TPU\subj\6171
|9 34123
|
| 610 |
1 |
|
|a поверхности
|
| 610 |
1 |
|
|a жесткость
|
| 610 |
1 |
|
|a изгибание
|
| 610 |
1 |
|
|a метрики
|
| 610 |
1 |
|
|a погружение
|
| 610 |
1 |
|
|a кривизна
|
| 610 |
1 |
|
|a многообразия
|
| 610 |
1 |
|
|a сферические изображения
|
| 610 |
1 |
|
|a кривые
|
| 610 |
1 |
|
|a гиперповерхности
|
| 610 |
1 |
|
|a выпуклые многогранники
|
| 610 |
1 |
|
|a геодезические линии
|
| 675 |
|
|
|a 514
|z rus
|v 3
|
| 702 |
|
1 |
|a Погорелов
|b А. В.
|g Алексей Васильевич
|4 340
|
| 801 |
|
0 |
|a RU
|b RuMRKP
|c 19950704
|g psbo
|
| 801 |
|
1 |
|a RU
|b 63413507
|c 20150925
|
| 801 |
|
2 |
|a RU
|b 63413507
|c 20180710
|g RCR
|
| 942 |
|
|
|c BK
|